The fatal impact : an account of the invasion of the South Pacific, 1767-1840 /

Saved in:
Bibliographic Details
Main Author: Moorehead, Alan, 1910-1983
Format: Book
Language:English
Published: Harmondsworth, Middlesex : Penguin, 1968, c1966.
Subjects:
LEADER 01419cam a2200385 a 4500
001 c000279765
003 CARM
005 20080130151034.0
008 831116r19681966enkaf 001 0 eng d
015 |a GB6804274  |2 bnb 
019 1 |a 2792431  |z 43426982  |5 LACONCORD2021 
020 |a 0140027734 
035 |a (OCoLC)59020723  |5 LACONCORD2021 
040 |a NGCL  |b eng  |c NGCL  |d NU 
042 |a anuc 
050 4 |a G246.C7  |b M6 1968 
050 1 4 |a DU20  |b .M66 1968 
082 0 4 |a D910.09164 
082 1 4 |a 910.091647  |2 19 
082 0 4 |a 990 
100 1 |a Moorehead, Alan,  |d 1910-1983. 
245 1 4 |a The fatal impact :  |b an account of the invasion of the South Pacific, 1767-1840 /  |c Alan Moorehead. 
260 |a Harmondsworth, Middlesex :  |b Penguin,  |c 1968, c1966. 
300 |a 283 p. :  |b ill. ;  |c 18 cm. 
500 |a First published by Hamish Hamilton, 1966. 
500 |a Includes index. 
504 |a Bibliography : p.273-275. 
600 1 0 |a Cook, James,  |d 1728-1779. 
651 0 |a Tahiti  |x Discovery and exploration. 
651 0 |a Antarctica  |x Discovery and exploration. 
651 0 |a Oceania  |x Civilization  |x European influences. 
610 1 0 |a Australia  |x Discovery and exploration. 
852 8 |b CARM  |h A1:AQ14A0  |i A05404  |p 0467011  |f BK 
999 f f |i 7a8e6d61-23e1-5756-9c6c-f87d435dddd3  |s b1ed5f19-e503-59cd-a115-03b1b5cc9d1a 
952 f f |p Can circulate  |a CAVAL  |b CAVAL  |c CAVAL  |d CARM 1 Store  |e A05404  |f A1:AQ14A0  |h Other scheme  |i book  |m 0467011